000 01057nam a2200277Ia 4500
003 OSt
005 20220923211217.0
006 a|||||r|||| 00| 0
007 ta
008 220922b |||||||| |||| 00| 0 hin d
020 _a9788126705306
_c500
024 _a258,639
037 _b311, 30/06/2011, Vani Prakashan
_cTextual
040 _aARTS
_cARTS
_bhin
041 _2hin
_ahin
082 _aO152,1M89,18:g, K1;Q0
100 _aमुक्तिबोध, गजानन माधव
_9159699
245 0 _aकामायनी
_b एक पुनर्विचार
246 _aKāmāyanī: ek punarvichāra
260 _aनयी दिल्ली
_b राजकमल प्रकाशन
_c2010
300 _a179पृ.
_ccm.
650 _a हिन्दी कविता
650 _aहिन्दी साहित्य
_9156264
942 _hO152,1M89,18:g, K1;Q0
_cTEXL
_2CC
999 _c296936
_d296936